| 000 | 00377nab a22001097u 4500 | ||
|---|---|---|---|
| 008 | 130520b1988 xxu||||| |||| 00| 0 spa d | ||
| 041 | _aspa | ||
| 100 | 1 |
_aSchüssler Fiorenza, Elisabeth _93646 |
|
| 245 | 0 | 0 |
_aServir a la mesa. Reflexión feminista sobre la "diakonia" _cElisabeth Schüssler Fiorenza |
| 773 | 0 |
_tConcilium _gV.2,1988,págs.111-122 _x0210-1041 _wRev134 |
|
| 942 | _cAR | ||
| 999 |
_c355433 _d355433 |
||